| 000 | 01124nam0a22002771 4500 | ||
|---|---|---|---|
| 001 | rc\2562589 | ||
| 005 | 20230412165415.0 | ||
| 035 | _a(NLR Aleph) 006727505 | ||
| 090 |
_a5508858 _c5508858 |
||
| 100 | _a20110914d1927 |||y0rusy50 ca | ||
| 101 | 0 | _arus | |
| 102 | _aRU | ||
| 105 | _aa z ||||| | ||
| 200 | 1 |
_aКрестьянство и революция _fН. Л. Мещеряков |
|
| 210 |
_aМосква _aЛенинград _cГос. изд-во _d1927 _eМосква _g1-я Образцовая тип. |
||
| 215 |
_a140 с., [4] с. объявл. _cил. _d20х13 см. |
||
| 225 | 1 |
_aБиблиотека "Революционное крестьянское движение" _fПод ред. Т. Домбалл и Н. Мещеряков. Международный крест. совет (Крестинтерн) _v№ 1 |
|
| 700 | 1 |
_aМещеряков _bН. Л. _f1865-1942 _gНиколай Леонидович |
|
| 801 | 0 |
_aRU _bNLR _gpsbo |
|
| 801 | 1 |
_aRU _bELAR _2rusmarc |
|
| 852 |
_aNLR _j24/438-1 |
||
| 852 |
_aNLR _j90/1002 |
||
| 852 |
_aNLR _jМф К1/12907 |
||
| 942 | _cBOOK | ||
| 980 | _aNB | ||